| 000 | 00655nam a2200217Ia 4500 | ||
|---|---|---|---|
| 003 | OSt | ||
| 005 | 20251216104009.0 | ||
| 008 | 210716s1993 xx 000 0 und d | ||
| 020 | _a155615559X | ||
| 040 | _cAIMIT LIBRARY | ||
| 041 | _aeng | ||
| 082 |
_a006.37 _21 _bMICR |
||
| 245 |
_aMicrososft visual c++ : _brun time library reference / |
||
| 250 | _a1st ed. | ||
| 260 |
_aAmerica : _bMicrosoft Press , _c1993. |
||
| 300 |
_axiii,688p. ; _bPB _c23.3 cm |
||
| 650 |
_aRun- time routines by category _9249203 |
||
| 650 |
_aGlobal variables and standard types _9249204 |
||
| 650 |
_aRun- time functions _9249205 |
||
| 942 |
_2ddc _cBK _e1st _k006.37 MICR |
||
| 999 |
_c182940 _d182940 |
||